000 00354nam a2200097Ia 4500
082 _a968.00491411 COME
245 0 _aCome to the Point : the study of the Indian community and some well-known personalities of the area
100 _a Padayachee, Kanakasabay R. South Africa, 2002
_975464
942 _cBK
008 210817s9999 xx 000 0 und d
999 _c249712
_d249711